000
00266nam a2200097Ia 4500
082
_a
LP|EF|MOSB
245
0
_a
Cry for help
100
_a
Mosby, Steve Leicester, 2009 Large print ed
_9
62229
942
_c
BK
008
210817s9999 xx 000 0 und d
999
_c
196593
_d
196592